MARC

LEADER 00000nam0a2200000 4500
001 315975
005 20231102002829.0
035 |a (RuTPU)RU\TPU\book\341412 
090 |a 315975 
100 |a 20160314d1922 k y0rusy50 ca 
101 0 |a rus 
102 |a RU 
105 |a a z 000zy 
200 1 |a Действия света  |f С. И. Вавилов 
210 |a Москва  |c Государственное изд-во  |d 1922 
215 |a 198 с.  |c ил. 
225 1 |a Наука и техника 
606 1 |a Свет, теория  |2 stltpush  |3 (RuTPU)RU\TPU\subj\54144  |9 72303 
610 1 |a физика 
610 1 |a природа 
610 1 |a давление 
610 1 |a поглощение 
610 1 |a дисперсии 
610 1 |a фотоэлектрические эффекты 
610 1 |a химическое воздействие 
610 1 |a рассеяние 
610 1 |a флюоресценция 
610 1 |a фосфоресценция 
610 1 |a поляризация 
610 1 |a термодинамика 
610 1 |a преломление 
675 |a 535.1  |v 4 
700 1 |a Вавилов  |b С. И.  |c российский физик  |f 1891-1951  |g Сергей Иванович  |2 stltpush  |3 (RuTPU)RU\TPU\pers\476  |9 230 
801 1 |a RU  |b 63413507  |c 20160314 
801 2 |a RU  |b 63413507  |c 20200709  |g RCR 
942 |c BK